000 00447nam a2200193Ia 4500
005 20240823030956.0
008 240823s9999||||xx |||||||||||||| ||und||
020 _a978-81-8742-015-0
041 _aENGLISH
082 _A620.11 P8
100 _aArumugam M
245 0 _aMaterials Science
250 _a3rd
260 _c208
_bAnuradha Publica
500 _aYES
650 _aMaterials Science
_bMechanical
942 _cBK
999 _c189975
_d189975